CRM ako nástroj zvyšovania konkurencieschopnosti podniku v službách diplomová práca

Na minha lista:
Detalhes bibliográficos
Autor principal: Ševčík, Josef
Autor Corporativo: Obchodná fakulta EU. Katedra služieb a cestovného ruchu - zrušené
Outros Autores: Krošláková, Monika, 1975-
Formato: Livro
Idioma:tcheco
Publicado em: Bratislava 2019
Tags: Adicionar Tag
Sem tags, seja o primeiro a adicionar uma tag!

MARC

LEADER 00000nbm a2200000 4500
001 0257850
005 20191029092720.6
041 0 |a cze 
044 |a SK 
245 1 0 |a CRM ako nástroj zvyšovania konkurencieschopnosti podniku v službách  |b diplomová práca  |c Josef Ševčík ; školiteľ: Monika Krošláková 
264 1 |a Bratislava  |c 2019 
300 |a 62 s. 
100 1 |a Ševčík, Josef 
700 1 |a Krošláková, Monika, 1975- 
710 2 |a Obchodná fakulta EU. Katedra služieb a cestovného ruchu - zrušené